[Event "Nakhon Nayok op 2nd"]
[Site "Nakhon Nayok"]
[Date "2024.04.09"]
[Round "8"]
[White "Gutsulyak, Nikolay"]
[Black "Rolston, Daniel Haruma"]
[Result "1-0"]
[WhiteElo "1863"]
[BlackElo "1791"]
[PlyCount "105"]
[EventDate "2024.04.05"]
[EventType "swiss"]
[EventRounds "9"]
[EventCountry "THA"]
[SourceTitle "EXT 2025"]
[Source "ChessBase"]
[SourceDate "2024.10.14"]
[SourceVersion "1"]
[SourceVersionDate "2024.10.14"]
[SourceQuality "1"]

1. e4 c5 2. Nc3 Nc6 3. Bb5 Nd4 4. Nf3 g6 5. Bc4 Bg7 6. Nxd4 cxd4 7. Qf3 Nf6 8. e5 dxc3 9. dxc3 Qb6 10. exf6 Qxf6 11. Bf4 e6 12. 0-0-0 0-0 13. Rd6 a6 14. Re1 b5 15. Bd3 g5 16. Be5 Qxf3 17. gxf3 Bxe5 18. Rxe5 f5 19. c4 b4 20. Ra5 Rf6 21. h3 Kf7 22. c5 Ke7 23. Rb6 h5 24. Kd1 h4 25. Ke2 Ra7 26. Rxb4 Bb7 27. Ke3 Rh6 28. Bf1 Kf6 29. Rd4 Bc6 30. b4 Ke5 31. f4+ Kf6 32. fxg5+ Kxg5 33. b5 e5 34. Rd6 f4+ 35. Kd2 Rxd6+ 36. cxd6 Bf3 37. Rxa6 Rb7 38. c4 Kf6 39. a4 Ke6 40. a5 Be4 41. Kc3 Rb8 42. Rb6 Rxb6 43. axb6 Kxd6 44. Kb4 Ke7 45. c5 Kd8 46. Kc3 Kc8 47. Kd2 Kb7 48. Kc3 Kb8 49. Bd3 Bd5 50. Bf5 d6 51. c6 Ka8 52. c7 Bb7 53. Be4 1-0

[Event "Nakhon Nayok op 2nd"]
[Site "Nakhon Nayok"]
[Date "2024.04.07"]
[Round "5"]
[White "Pinphetsawan, Sirikwan"]
[Black "Gutsulyak, Nikolay"]
[Result "0-1"]
[WhiteElo "1648"]
[BlackElo "1863"]
[PlyCount "50"]
[EventDate "2024.04.05"]
[EventType "swiss"]
[EventRounds "9"]
[EventCountry "THA"]
[SourceTitle "EXT 2025"]
[Source "ChessBase"]
[SourceDate "2024.10.14"]
[SourceVersion "1"]
[SourceVersionDate "2024.10.14"]
[SourceQuality "1"]

1. e4 c5 2. Nf3 Nc6 3. d4 cxd4 4. Nxd4 g6 5. Be3 Nf6 6. f3 Bg7 7. Nc3 0-0 8. Qd2 d5 9. exd5 Nxd5 10. Nxd5 Qxd5 11. Nxc6 Qxc6 12. 0-0-0 Bf5 13. Bd3 Rad8 14. Kb1 Bxd3 15. cxd3 Qb5 16. d4 Rd5 17. Bh6 Rxd4 18. Qc1 Qf5+ 19. Ka1 Rc8 20. Qe3 Rxd1+ 21. Rxd1 Bxb2+ 22. Kxb2 Qc2+ 23. Ka3 Rc3+ 24. Kb4 Rc4+ 25. Ka3 Ra4# 0-1

[Event "Nakhon Nayok op 2nd"]
[Site "Nakhon Nayok"]
[Date "2024.04.06"]
[Round "4"]
[White "Gutsulyak, Nikolay"]
[Black "Nakvanich, Sahapol"]
[Result "0-1"]
[WhiteElo "1863"]
[BlackElo "1754"]
[PlyCount "88"]
[EventDate "2024.04.05"]
[EventType "swiss"]
[EventRounds "9"]
[EventCountry "THA"]
[SourceTitle "EXT 2025"]
[Source "ChessBase"]
[SourceDate "2024.10.14"]
[SourceVersion "1"]
[SourceVersionDate "2024.10.14"]
[SourceQuality "1"]

1. e4 e5 2. Nf3 Nc6 3. Bc4 Bc5 4. b4 Bxb4 5. c3 Bd6 6. d4 Nf6 7. Ng5 0-0 8. f4 exf4 9. 0-0 h6 10. Nxf7 Rxf7 11. Bxf7+ Kxf7 12. e5 Nxe5 13. dxe5 Bxe5 14. Bxf4 Bxf4 15. Rxf4 d5 16. Nd2 Qd6 17. Qf3 Bd7 18. Re1 Rf8 19. Rb4 Kg8 20. Qf4 Qc5+ 21. Qe3 Qxe3+ 22. Rxe3 b6 23. Rf4 c5 24. h3 Rd8 25. Re1 Bc6 26. Re6 Bd7 27. Rd6 Kh7 28. Nf3 Ne4 29. Rxd5 Nxc3 30. Rd2 Re8 31. Rxd7 Ne2+ 32. Kf1 Nxf4 33. Rxa7 c4 34. Rc7 Nd5 35. Rc6 b5 36. Rc5 Ne3+ 37. Kf2 Nd1+ 38. Kf1 b4 39. Ne5 c3 40. Nd3 Re4 41. Nf2 Rf4 42. Ke2 Nxf2 43. a4 bxa3 44. Rxc3 Ra4 0-1

[Event "Nakhon Nayok op 2nd"]
[Site "Nakhon Nayok"]
[Date "2024.04.05"]
[Round "1"]
[White "Manon, Reja Neer"]
[Black "Gutsulyak, Nikolay"]
[Result "1-0"]
[WhiteElo "2285"]
[BlackElo "1863"]
[PlyCount "109"]
[EventDate "2024.04.05"]
[EventType "swiss"]
[EventRounds "9"]
[EventCountry "THA"]
[SourceTitle "EXT 2025"]
[Source "ChessBase"]
[SourceDate "2024.10.14"]
[SourceVersion "1"]
[SourceVersionDate "2024.10.14"]
[SourceQuality "1"]

1. e4 c5 2. Nf3 g6 3. d4 cxd4 4. Nxd4 Nc6 5. Nc3 Bg7 6. Be3 Nf6 7. Bc4 Qa5 8. 0-0 0-0 9. h3 Nxd4 10. Bxd4 d6 11. Bxf6 exf6 12. Nd5 f5 13. exf5 Bxf5 14. c3 Rfe8 15. Ne3 Rad8 16. Qf3 Be6 17. Bxe6 fxe6 18. Qxb7 Rb8 19. Qc6 Qb6 20. Qxb6 Rxb6 21. Nc4 Rc6 22. Na5 Rb6 23. Nb3 a5 24. Nxa5 Rxb2 25. Nc4 Rc2 26. Nxd6 Rf8 27. Ne4 Bxc3 28. Rac1 Rxc1 29. Rxc1 Be5 30. Rc6 Ra8 31. Rc2 h6 32. Kf1 Kf7 33. Ke2 Ra7 34. f3 Bd4 35. Nd6+ Kf6 36. Nb5 Ra4 37. Kd3 Be5 38. a3 Kf5 39. Re2 h5 40. Re1 h4 41. Re2 g5 42. Re1 Bb2 43. Nd6+ Kf6 44. Nc4 Be5 45. Rxe5 Rxc4 46. Rxe6+ Kxe6 47. Kxc4 Ke5 48. a4 Kf4 49. a5 Kg3 50. a6 Kxg2 51. a7 Kxh3 52. a8Q Kg3 53. Qe4 h3 54. Qg4+ Kh2 55. Kd3 1-0

[Event "Bangkok Olympiad Qual"]
[Site "Bangkok"]
[Date "2024.03.27"]
[Round "6"]
[White "Gutsulyak, Nikolay"]
[Black "Gnanasekar, Jai Adithya"]
[Result "1/2-1/2"]
[WhiteElo "1858"]
[BlackElo "1833"]
[PlyCount "122"]
[EventDate "2024.03.24"]
[EventType "swiss"]
[EventRounds "7"]
[EventCountry "THA"]
[SourceTitle "CBM 219 Extra"]
[Source "ChessBase"]
[SourceDate "2024.05.31"]
[SourceVersion "1"]
[SourceVersionDate "2024.05.31"]
[SourceQuality "1"]

1. e4 c5 2. Nc3 a6 3. Nge2 d6 4. g3 e5 5. Nd5 Nc6 6. Bg2 g6 7. h3 Bg7 8. d3 Nge7 9. Bg5 h6 10. Bf6 0-0 11. Qd2 Bxf6 12. Nxf6+ Kg7 13. Ng4 Ng8 14. c3 Re8 15. 0-0 Bxg4 16. hxg4 Qg5 17. Qxg5 hxg5 18. Bf3 Nf6 19. Rad1 Ne7 20. Kg2 Neg8 21. Ng1 Nh6 22. Nh3 Nhxg4 23. Bxg4 Nxg4 24. Nxg5 Rad8 25. Rfe1 f6 26. Nh3 Rh8 27. f3 Rxh3 28. Kxh3 Nf2+ 29. Kg2 Nxd1 30. Rxd1 d5 31. Rf1 dxe4 32. dxe4 c4 33. Rf2 Rd3 34. Kf1 g5 35. Ke2 g4 36. Rf1 Kg6 37. Rf2 b5 38. a3 a5 39. Rf1 b4 40. cxb4 axb4 41. fxg4 bxa3 42. bxa3 Rxa3 43. Rc1 c3 44. Kd3 Kg5 45. Rf1 Kg6 46. Rf5 c2+ 47. Kxc2 Rxg3 48. Kd2 Rxg4 49. Ke3 Rg3+ 50. Ke2 Kf7 51. Rf1 Ke6 52. Rf2 Rb3 53. Rf5 Ke7 54. Kd2 Kd6 55. Rxf6+ Kc5 56. Rh6 Kd4 57. Rh4 Rb2+ 58. Kc1 Re2 59. Kd1 Ra2 60. Ke1 Ke3 61. Rh3+ Kxe4 1/2-1/2

[Event "Bangkok Rooky op"]
[Site "Bangkok"]
[Date "2023.10.22"]
[Round "5"]
[White "Hiew, Jing Yung"]
[Black "Gutsulyak, Nikolay"]
[Result "1-0"]
[WhiteElo "1489"]
[BlackElo "1786"]
[PlyCount "147"]
[EventDate "2023.10.20"]
[EventType "swiss"]
[EventRounds "7"]
[EventCountry "THA"]
[SourceTitle "CBM 216 Extra"]
[Source "ChessBase"]
[SourceDate "2023.11.30"]
[SourceVersion "1"]
[SourceVersionDate "2023.11.30"]
[SourceQuality "1"]

1. e4 e5 2. Nc3 Nf6 3. Bc4 Nxe4 4. Qh5 Nd6 5. Bb3 Be7 6. f4 exf4 7. d4 Bh4+ 8. g3 fxg3 9. hxg3 Bxg3+ 10. Kf1 Qf6+ 11. Kg2 Qf2+ 12. Kh3 Ne4 13. Qxf7+ Qxf7 14. Bxf7+ Kxf7 15. Nxe4 d5+ 16. Kxg3 dxe4 17. Ne2 Bf5 18. Bf4 Nd7 19. d5 Nf6 20. c4 Rac8 21. Rae1 Rhe8 22. Nd4 g6 23. Bg5 Nh5+ 24. Rxh5 gxh5 25. Nxf5 Kg6 26. Ne7+ Kxg5 27. Nxc8 Rxc8 28. Rxe4 Kf6 29. Re6+ Kf7 30. Rh6 Kg7 31. Re6 Rf8 32. b3 b5 33. Rc6 Rf7 34. cxb5 Rd7 35. a4 Kf8 36. Kf4 Rg7 37. d6 Rf7+ 38. Kg5 cxd6 39. Rxd6 Ke7 40. Ra6 Rf3 41. b6 axb6 42. Rxb6 Kd7 43. Kxh5 Kc7 44. Rb5 Rh3+ 45. Kg4 Rh1 46. Rh5 Rg1+ 47. Kf4 Rg7 48. Rg5 Rd7 49. Ke4 Kb6 50. Rd5 Rc7 51. Kd4 Rc6 52. Rb5+ Ka6 53. Rc5 Rb6 54. Kc4 Rb7 55. Rc6+ Ka5 56. Rc5+ Ka6 57. Rh5 Rc7+ 58. Kb4 Rb7+ 59. Ka3 Rg7 60. Rh6+ Ka7 61. a5 Kb7 62. b4 Ka7 63. Ka4 Kb7 64. a6+ Ka7 65. b5 Rg4+ 66. Ka5 Rg7 67. Kb4 Rg4+ 68. Kc5 Rg5+ 69. Kc6 Rg7 70. Rd6 Rf7 71. Rd7+ Rxd7 72. Kxd7 h5 73. Kc7 h4 74. b6+ 1-0

[Event "Voronezh op-B 22nd"]
[Site "Voronezh"]
[Date "2018.06.13"]
[Round "2"]
[White "Peschansky, Mikhail"]
[Black "Gutsulyak, Nikolay"]
[Result "1/2-1/2"]
[WhiteElo "2137"]
[BlackElo "1953"]
[PlyCount "81"]
[EventDate "2018.06.12"]
[EventType "swiss"]
[EventRounds "9"]
[EventCountry "RUS"]
[SourceTitle "CBM 185 Extra"]
[Source "ChessBase"]
[SourceDate "2018.07.29"]
[SourceVersion "1"]
[SourceVersionDate "2018.07.29"]
[SourceQuality "1"]

1. d4 e6 2. Nf3 f5 3. g3 Nf6 4. Bg2 g6 5. 0-0 Bg7 6. c4 d6 7. Qc2 0-0 8. Nc3 Nc6 9. d5 Nb4 10. Qb3 Na6 11. Be3 e5 12. a3 h6 13. Rad1 g5 14. Qc2 Qe8 15. Bc1 Qh5 16. Ne1 f4 17. Ne4 Bh3 18. Nxf6+ Rxf6 19. Bxh3 Qxh3 20. Qe4 Raf8 21. Qg2 Qh5 22. f3 Nc5 23. b4 Nd7 24. Nd3 R6f7 25. Nf2 Nf6 26. g4 Qg6 27. Ne4 Nxe4 28. fxe4 Bf6 29. Qf3 Rh7 30. h3 Kg7 31. Kg2 Rfh8 32. Rh1 h5 33. Rdg1 Rh6 34. Kf1 Qh7 35. h4 Kf7 36. gxh5 Rxh5 37. Qg4 Rxh4 38. Qe6+ Kg7 39. Qd7+ Kg6 40. Qf5+ Kf7 41. Qe6+ 1/2-1/2

[Event "Sochi Doroshkevich Amateur op"]
[Site "Sochi"]
[Date "2017.12.26"]
[Round "7"]
[White "Gutsulyak, Nikolay"]
[Black "Diloyan, Ara"]
[Result "1-0"]
[WhiteElo "1965"]
[BlackElo "2027"]
[PlyCount "42"]
[EventDate "2017.12.21"]
[EventType "swiss"]
[EventRounds "9"]
[EventCountry "RUS"]
[SourceTitle "CBM 182 Extra"]
[Source "ChessBase"]
[SourceDate "2018.02.23"]
[SourceVersion "1"]
[SourceVersionDate "2018.02.23"]
[SourceQuality "1"]

1. e4 e5 2. Nf3 Nc6 3. Bc4 Nf6 4. Ng5 d5 5. exd5 Na5 6. Bb5+ c6 7. dxc6 bxc6 8. Bd3 h6 9. Ne4 Nd5 10. 0-0 Be7 11. Ng3 0-0 12. Bf5 Ba6 13. d3 Nb7 14. Nc3 Nd6 15. Re1 Bh4 16. Nce4 g6 17. Nxd6 Qxd6 18. Qg4 Bxg3 19. Qxg3 Kh7 20. Be4 f5 21. Bxd5 f4 1-0